Loading...
| Fine Arts - Painting and Sculpture | 0 | 5 | 1 | 1 | 45 | 84 | 119.00 | 1 | 4 | 6.33 | 22.50 |
| History - American | 0 | 4 | 0 | 0 | 40 | 65 | 81.25 | 1 | 2 | 11.81 | 22.22 |
| Literature - British | 0 | 3 | 0 | 1 | 30 | 77 | 109.67 | 1 | 2 | 5.18 | 16.67 |
| Literature - World | 0 | 3 | 1 | 0 | 25 | 85 | 99.67 | 0 | 3 | 7.54 | 18.06 |
| Fine Arts - Other | 0 | 2 | 0 | 0 | 20 | 90 | 110.50 | 0 | 2 | 2.57 | 12.50 |
| Literature - American | 0 | 2 | 0 | 1 | 20 | 109 | 118.00 | 0 | 0 | 2.25 | 2.78 |
| Philosophy | 0 | 2 | 0 | 0 | 20 | 66 | 70.00 | 1 | 2 | 7.56 | 13.89 |
| Social Science | 0 | 2 | 0 | 0 | 20 | 74 | 79.50 | 0 | 1 | 5.97 | 8.33 |
| Other Academic | 0 | 1 | 0 | 0 | 10 | 117 | 117.00 | 0 | 1 | 4.66 | 22.22 |
| Science - Biology | 0 | 1 | 0 | 0 | 10 | 48 | 48.00 | 0 | 1 | 4.94 | 6.94 |
| Literature - European | 0 | 1 | 0 | 0 | 10 | 67 | 67.00 | 0 | 1 | 4.32 | 4.17 |
| History - World | 0 | 1 | 0 | 0 | 10 | 94 | 94.00 | 0 | 0 | 2.02 | 2.78 |
| Mythology | 0 | 1 | 1 | 0 | 5 | 103 | 103.00 | 0 | 0 | 2.20 | 2.78 |